| 000 | 00565nam a2200205Ia 4500 | ||
|---|---|---|---|
| 003 | OSt | ||
| 005 | 20260507151418.0 | ||
| 008 | 210210b1969 xxu||||| |||| 00| 0 eng d | ||
| 040 | _cAL | ||
| 041 | _aSanskrit | ||
| 082 | _aS891.8 JAYN | ||
| 100 |
_aJAYANTA BHATTA _d जयंत भट्ट _9263523 |
||
| 245 |
_aNyayamanjari. Vol1 _bन्यायमञ्जरी |
||
| 260 |
_aMysore _bOriental research institute _c1969 |
||
| 300 | _avi,718,39 | ||
| 440 |
_a1 _9263524 |
||
| 690 |
_aSanskrit Miscellaneous _9263525 |
||
| 906 | _a045827 | ||
| 942 |
_2ddc _cBK |
||
| 999 |
_c95131 _d95131 |
||